Includes bibliographies (Record no. 15375)

000 -LEADER
fixed length control field 00588nam a22002171 4500
001 - CONTROL NUMBER
control field 15375
003 - CONTROL NUMBER IDENTIFIER
control field BD-DhUET
008 - FIXED-LENGTH DATA ELEMENTS--GENERAL INFORMATION
fixed length control field 731030m19621966njua b 000 0 eng
040 ## - CATALOGING SOURCE
Original cataloging agency DLC
Transcribing agency DLC
Modifying agency BD-DhUET
082 00 - DEWEY DECIMAL CLASSIFICATION NUMBER
Classification number 543
Item number FUR/1966
100 ## - MAIN ENTRY--PERSONAL NAME
Personal name Furman, N. Howell
245 00 - TITLE STATEMENT
Title Includes bibliographies
250 ## - EDITION STATEMENT
Edition statement 6th ed.
260 ## - PUBLICATION, DISTRIBUTION, ETC. (IMPRINT)
Place of publication, distribution, etc. New York
Name of publisher, distributor, etc. Van Nostrand Reinhold
Date of publication, distribution, etc. 1966
300 ## - PHYSICAL DESCRIPTION
Extent xi, (975-2018)p.
Other physical details ill.
500 ## - GENERAL NOTE
General note Vol.3 (Instrumental methods)
Part. B
504 ## - BIBLIOGRAPHY, ETC. NOTE
Bibliography, etc Includes bibliographies
650 #0 - SUBJECT ADDED ENTRY--TOPICAL TERM
Topical term or geographic name as entry element Chemistry, Analytic
700 ## - ADDED ENTRY--PERSONAL NAME
Personal name Welcher, Frank J.
942 ## - ADDED ENTRY ELEMENTS (KOHA)
Koha item type Edited Book
Holdings
Date acquired Koha normalized classification for sorting Withdrawn status Koha date last seen Koha item type Lost status Sublocation or collection (holding branch) Piece designation (barcode) Not for loan Source of classification or shelving scheme Damaged status Price effective from Koha full call number Location (home branch) Shelving location Copy number
2015-03-12543_000000000000000_FUR_1966 2015-03-12Edited Book Central Library, BUET28818   2015-03-12543/FUR/1966Central Library, BUETCirculation section1
2015-03-12543_000000000000000_FUR_1966 2015-03-12Edited Book Central Library, BUET28828   2015-03-12543/FUR/1966Central Library, BUETCirculation section2
2015-03-12543_000000000000000_FUR_1966 2015-03-12Edited Book Central Library, BUET28836   2015-03-12543/FUR/1966Central Library, BUETCirculation section4
2015-03-12543_000000000000000_FUR_1966 2015-03-12Edited Book Central Library, BUET28831   2015-03-12543/FUR/1966Central Library, BUETCirculation section5
2015-03-12543_000000000000000_FUR_1966 2015-03-12Edited Book Central Library, BUET38894   2015-03-12543/FUR/1966Central Library, BUETCirculation section6
2015-03-12543_000000000000000_FUR_1966 2018-02-20Edited Book Central Library, BUET28827   2015-03-12543/FUR/1966Central Library, BUETCirculation section7
2015-03-12543_000000000000000_FUR_1966 2015-03-12Edited Book Central Library, BUET28837   2015-03-12543/FUR/1966Central Library, BUETCirculation section8
2015-03-12543_000000000000000_FUR_1966 2015-03-12Edited Book Central Library, BUET28826   2015-03-12543/FUR/1966Central Library, BUETCirculation section9
2015-03-12543_000000000000000_FUR_1966 2015-03-12Edited Book Central Library, BUET28832   2015-03-12543/FUR/1966Central Library, BUETCirculation section10